Amazing giant dinosaurs

Bibliographic Details
Main Author: Greenwood, Marie
Other Authors: Appleton, Polly
Format: Book
Published: London : Dorling Kindersley Limited , 2012
Subjects:

MARC

LEADER 00000cam a2200000 7i4500
001 0000171294
005 20131113.0
020 |a 9781409374640 
090 0 0 |a 567.9   |b GRE 
100 1 |a Greenwood, Marie 
245 1 0 |a Amazing giant dinosaurs   |c written by Marie Greenwood ; designed by Polly Appleton 
260 |a London :   |b Dorling Kindersley Limited ,   |c 2012 
300 |a 15p. :   |b ill. ;   |c 28cm. 
500 |a Play & Learn Library 
650 0 0 |a Dinasours   |x Juvenile literature 
700 1 |a Appleton, Polly 
999 |a 00287230   |b BUKU   |c JUNIOR REFERENCE   |e PERPUSTAKAAN KOMUNITI PETALING JAYA